CHP kurultayları (Record no. 3579)

MARC details
000 -BAŞLIK
Sabit Uzunlukta Kontrol Alanı 00608na a2200217 4500
001 - KONTROL NUMARASI
Denetim Alanı 19106
003 - KONTROL NUMARASI IDENTIFIER
Denetim Alanı MIRAKIL
005 - SON İŞLEM TARİHİ VE ZAMANI
Denetim Alanı 20181213154936.0
008 - SABİT-BOY VERİ ELEMANLARI - GENEL BİLGİLER
Sabit Uzunlukta Kontrol Alanı 161208b tu 000 0
040 ## - KATALOGLAMA KAYNAK
Orijinal Kataloglama Ajansı Milas
Kataloglama Dili tur
Metne Dönüştürmek Ajansı TR-AnCHP
041 ## - DİL KODU
Metin / Ses Parça Veya Ayrı Başlığın Dil Kodu tur
082 ## - DEWEY ONLU SINIFLANDIRMA NUMARASI
Sınıflandırma Numarası CHP 324.2372
Ürün Numarası Ö99c 2008
090 ## - SINIFLAMA NUMARASI
Sınıflama Numarası CHP 324.2372 Ö99c 2008
100 ## - ANA GİRİŞ - KİŞİSEL İSİM
Kişisel Ad Özyurt, Mustafa
Bir Adıyla İlişkilendirilen Başlıklar Ve Kelimeler CHP Bursa milletvekili
-- CHP Parti Meclisi üyesi
245 ## - BAŞLIK TABLOSU
Başlık CHP kurultayları
Sorumluluk Tablosu, Vb Mustafa Özyurt
260 ## - YAYIN, DAĞITIM, VB
Yayın, Dağıtım, Vb Yeri Ankara
Yayıncı, Dağıtıcı, Vs Adı [yayl. y.]
Yayın, Dağıtım, Vb Tarihi 2008
300 ## - FİZİKSEL TANIM
Kapsam 22 s.
Boyutlar 20 sm.
610 ## - KONU KATMA GİRİŞ - TOPLANTI ADI
Giriş Elemanı Olarak Kurumsal Ad Veya Yargı Alanı Adı CHP
Genel Alt Bölüm Tarih
610 ## - KONU KATMA GİRİŞ - TOPLANTI ADI
Giriş Elemanı Olarak Kurumsal Ad Veya Yargı Alanı Adı CHP
Genel Alt Bölüm Kurultaylar
Kronolojik Alt Bölüm Tarih
942 ## - EKLENDİ GİRİŞ ELEMANLARI (KOHA)
Sınıflandırma Veya Raf Düzeni Kaynak Dewey Decimal Classification
Koha Öğesi Türü Books
999 ## - SİSTEM KONTROL NUMARALARI (KOHA)
Koha Biblionumber 3579
Koha Biblioitemnumber 3579
Holdings
Kalıcı Konum Mevcut Konum Edinme Tarihi Edinim Kaynak Toplam Check-Out'Lar Tam Çağrı Numarası Barkod Tarih Son Görülme İtibaren Geçerli Fiyatlar Koha Öğesi Türü Kopya Sayısı
CHP Kütüphanesi CHP Kütüphanesi 12/08/2016 Bağış   CHP 324.2372 Ö99c 2008 011053 12/08/2016 12/08/2016 Books  
CHP Kütüphanesi CHP Kütüphanesi 12/08/2016 Bağış   CHP 324.2372 Ö99c 2008 011054 12/08/2016 12/08/2016 Books k.2
CHP Kütüphanesi CHP Kütüphanesi 12/08/2016 Bağış   CHP 324.2372 Ö99c 2008 011055 12/08/2016 12/08/2016 Books k.3
CHP Kütüphanesi CHP Kütüphanesi 12/08/2016 Bağış   CHP 324.2372 Ö99c 2008 011056 12/08/2016 12/08/2016 Books k.4
CHP Kütüphanesi CHP Kütüphanesi 12/08/2016 Bağış   CHP 324.2372 Ö99c 2008 011057 12/08/2016 12/08/2016 Books k.5